Loading...
| Current Events | 3 | 23.33 | 100% | 67% | 67% |
| Fine Arts - Auditory | 3 | 13.33 | 100% | 33% | 0% |
| Fine Arts - Other | 5 | 22.00 | 100% | 100% | 20% |
| Fine Arts - Visual | 5 | 20.00 | 100% | 80% | 20% |
| Geography | 6 | 15.00 | 83% | 33% | 33% |
| History - American | 4 | 17.50 | 100% | 75% | 0% |
| History - Ancient | 2 | 20.00 | 100% | 100% | 0% |
| History - Ancient/Other | 3 | 16.67 | 100% | 67% | 0% |
| History - European | 5 | 16.00 | 100% | 40% | 20% |
| History - World | 5 | 14.00 | 100% | 40% | 0% |
| Literature - American | 6 | 15.00 | 100% | 33% | 17% |
| Literature - British | 7 | 17.14 | 100% | 71% | 0% |
| Literature - European | 3 | 13.33 | 100% | 33% | 0% |
| Literature - World | 3 | 13.33 | 67% | 67% | 0% |
| Mythology | 4 | 12.50 | 100% | 25% | 0% |
| Other Academic | 4 | 15.00 | 100% | 0% | 50% |
| Philosophy | 4 | 15.00 | 100% | 50% | 0% |
| Religion | 2 | 20.00 | 100% | 100% | 0% |
| Science - Biology | 4 | 17.50 | 100% | 75% | 0% |
| Science - Chemistry | 7 | 18.57 | 100% | 71% | 14% |
| Science - Other | 7 | 14.29 | 86% | 43% | 14% |
| Science - Physics | 6 | 15.00 | 100% | 50% | 0% |
| Social Science | 8 | 16.25 | 100% | 50% | 13% |